000 00567nam a2200241Ia 4500
003 OSt
005 20220918200520.0
006 a|||||r|||| 00| 0
007 ta
008 220917b |||||||| |||| 00| 0 eng d
024 _a89,114
037 _cTextual
040 _aARTS
_cARTS
_beng
041 _2eng
_aeng
082 _aU28:C, F9
100 _aHumphreys W J
_994405
245 0 _aPhysics of the air
250 _a2nd ed
260 _c1929
650 _aGEOGRAPHY
942 _hU28:C, F9
_cTEXL
_2CC
999 _c212784
_d212784